A Modern Introduction to Philosophy. Readings from classical and contemporary sources / (Record no. 3173)
[ view plain ]
| 000 -LEADER | |
|---|---|
| fixed length control field | 00820nac a22002051u 4500 |
| 090 ## - LOCALLY ASSIGNED LC-TYPE CALL NUMBER (OCLC); LOCAL CALL NUMBER (OCLC) | |
| -- | 3173 |
| 008 - FIXED-LENGTH DATA ELEMENTS--GENERAL INFORMATION | |
| fixed length control field | 081028t xxu||||| |||| 00| 0 eng d |
| 010 ## - LIBRARY OF CONGRESS CONTROL NUMBER | |
| LC control number | 001042579 |
| 028 ## - PUBLISHER NUMBER | |
| Source | www.bl.uk |
| 082 ## - DEWEY DECIMAL CLASSIFICATION NUMBER | |
| Classification number | 100 |
| Item number | Ed951 |
| 100 ## - MAIN ENTRY--PERSONAL NAME | |
| Personal name | Edwards, Paul. |
| 245 ## - TITLE STATEMENT | |
| Title | A Modern Introduction to Philosophy. Readings from classical and contemporary sources / |
| Remainder of title | Edited by P. Edwards ... and A. Pap. |
| 260 ## - PUBLICATION, DISTRIBUTION, ETC. (IMPRINT) | |
| Place of publication, distribution, etc | London: [1957.] |
| Name of publisher, distributor, etc | Free Press: Glencoe, Ill.; George Allen & Unwin, |
| Date of publication, distribution, etc | [1957.] |
| 300 ## - PHYSICAL DESCRIPTION | |
| Extent | pp. ix. |
| Other physical details | 648; |
| Dimensions | 25cm. |
| 500 ## - GENERAL NOTE | |
| General note | Donations. |
| 500 ## - GENERAL NOTE | |
| General note | Donations - Dr. Mostafa Gouda. |
| 650 ## - SUBJECT ADDED ENTRY--TOPICAL TERM | |
| Topical term or geographic name as entry element | Modern Philosophy. |
| 942 ## - ADDED ENTRY ELEMENTS (KOHA) | |
| Item type | Book - Borrowing |
| Call number prefix | 100Ed951 |
| Source of classification or shelving scheme | Dewey Decimal Classification |
| Withdrawn status | Item status | Source of classification or shelving scheme | Damaged status | Not for loan | Home library | Current library | Shelving location | Date acquired | Source of acquisition | Total Checkouts | Total Renewals | Full call number | Barcode | Date last seen | Date last borrowed | Koha item type |
|---|---|---|---|---|---|---|---|---|---|---|---|---|---|---|---|---|
| Dewey Decimal Classification | Central Library | Central Library | Lower Floor | 25/03/2007 | Purchase | 12 | 145 | 100 EDW | 000030034 | 18/01/2026 | 23/09/2025 | Book - Borrowing |